00254 a2200085 450000100060000008200170000610000210002324500920004426000320013663501 a958.1044 HAM aHammond Thomas T aRed Flag over Afghanistan: The communist coup, the Soviet invasion and the consequences aLahorebPAF Book Clubc1984